Một số văn bản pháp luật về chủ động hội nhập kinh tế quốc tế và khu vực

محفوظ في:
التفاصيل البيبلوغرافية
التنسيق: كتاب
اللغة:Undetermined
منشور في: Hà Nội Chính trị Quốc gia 2003
الموضوعات:
الوسوم: إضافة وسم
لا توجد وسوم, كن أول من يضع وسما على هذه التسجيلة!
Thư viện lưu trữ: Trung tâm Học liệu Trường Đại học Cần Thơ
LEADER 00660nam a2200193Ia 4500
001 CTU_62104
008 210402s9999 xx 000 0 und d
020 |b 57500 
082 |a 341.75 
082 |b M458 
245 0 |a Một số văn bản pháp luật về chủ động hội nhập kinh tế quốc tế và khu vực 
260 |a Hà Nội 
260 |b Chính trị Quốc gia 
260 |c 2003 
650 |a Vietnam,Economic laws 
650 |x International economic policy 
650 |z Vietnam 
904 |i Trúc Phương,Qhieu đã sửa trong CSDL 
980 |a Trung tâm Học liệu Trường Đại học Cần Thơ